00947cam a2200277 a 450000100040000000500170000402000150002104000230003605000240005908200120008310000240009524500820011925000450020126000210024630000390026749000290030650000350033550500080037052001570037852100200053552100200055565000260057565000220060165000200062365000260064383720230908161442.0 a0590629840 aDLCcDLCdDLCbeng00aPZ7.O81167bMr 199300aFic2201 aOsborne, Mary Pope.10aMummies in the morning /cby Mary Pope Osborne ; illustrated by Sal Murdocca. aFirst Scholastic printing , January 1996 aNew York :c1993 a64 pages :billustrations ;c20 cm aMagic Tree HousevBook 3 a"A First stepping stone book." aJ  aJack and his younger sister take a trip in their tree house back to ancient Egypt, where they help a queen's mummy continue her voyage to the Next Life.0 a500 bLexile 1 aJ bRaz-Plus  1aTime travelxFiction. 1aMummiesxFiction. 1aMagicxFiction. 1aTree housesxFiction.